| 000 | 01067nam a2200241 i 4500 | ||
|---|---|---|---|
| 001 | 102696 | ||
| 003 | ES-MaACL | ||
| 005 | 20250928122758.0 | ||
| 007 | t| | ||
| 008 | 051128s1878 fr fa ||||1| fre d | ||
| 080 | _a821.112.2-23"17" | ||
| 100 | 1 |
_aGoethe, Johann Wolfgang von, _d1749-1832 _957568 |
|
| 245 | 1 | 0 |
_aFaust / _cGoethe ; traduction de J. Porchat ; revue par B. Lévy ; [les compositions de cette édition de Faust ont été dessinées par M. Liezen Mayer ; les ornaments du texte encadrements et culs-de-lampe ont été dessinés par M.R. Seitz]. |
| 260 |
_aParis : _bHachette [et] Cie, _c1878. |
||
| 300 |
_a191 p., [13] h. : _bil. ; _c50 cm. |
||
| 599 | _aH. de grab. calc. firmados: A. Liezen-Mayer como dibujante, y Fr. Ludy, G. Goldberg, J. Bankel, E. Forberg y J. F. Deininger como grabadores. | ||
| 700 | 0 |
_aPorchat, Jacques, _d1800-1864 _993119 |
|
| 700 | 1 |
_aLévy, Benjamin. _971995 |
|
| 700 | 1 |
_aLiezen-Mayer, Alexander von, _d1839-1898 _9128952 |
|
| 700 | 1 |
_aSeitz, R. _9105274 |
|
| 852 |
_aES-MaACL _jGF-26 |
||
| 999 |
_c102696 _d102696 |
||